| 000 | 02588cam a2200469 a 4500 | ||
|---|---|---|---|
| 001 | 15223096 | ||
| 003 | OSt | ||
| 005 | 20150408114205.0 | ||
| 008 | 080318s2008 enka b 001 0 eng | ||
| 010 | _a 2008012533 | ||
| 015 |
_aGBA8A3145 _2bnb |
||
| 016 | 7 |
_a014702284 _2Uk |
|
| 020 | _a9780521756150 (hardback) | ||
| 020 | _a0521756154 (hardback) | ||
| 020 | _a9780521735254 (pbk.) | ||
| 020 | _a0521735254 (pbk.) | ||
| 035 | _a(OCoLC)ocn213495403 | ||
| 035 | _a(OCoLC)213495403 | ||
| 040 |
_aDLC _cDLC _dBTCTA _dBAKER _dYDXCP _dOCLCG _dUKM _dC#P _dBWX _dBWK _dDLC |
||
| 050 | 0 | 0 |
_aQA95 _b.G247 2008 |
| 082 | 0 | 0 |
_a793.74 _222 _bGMH |
| 100 | 1 |
_aGardner, Martin, _d1914-2010. _942567 |
|
| 245 | 1 | 0 |
_aHexaflexagons, probability paradoxes, and the Tower of Hanoi : _bMartin Gardner's first book of mathematical puzzles and games / _cMartin Gardner. |
| 250 | _a[2nd ed.]. | ||
| 260 |
_aCambridge ; _aNew York : _bCambridge University Press, _c2008. |
||
| 300 |
_axiii, 193 p. : _bill. ; _c23 cm. |
||
| 490 | 1 |
_aThe new Martin Gardner mathematical library ; _v1 |
|
| 500 | _a"The Mathematical Association of America." | ||
| 500 | _a"First edition published as The Scientific American book of mathematical puzzles & diversions, Simon and Schuster, 1959"--T.p. verso. | ||
| 504 | _aIncludes bibliographical references and index. | ||
| 505 | 0 | _aHexaflexagons -- Magic with a matrix -- Nine problems -- Ticktacktoe -- Probability paradoxes -- The icosian game and the Tower of Hanoi -- Curious topological models -- The game of hex -- Sam Loyd : America's greatest puzzlist -- Mathematical card tricks -- Memorizing numbers -- Nine more problems -- Polyominoes -- Fallacies -- Nim and tac tix -- Left or right? | |
| 650 | 0 |
_aMathematical recreations. _914359 |
|
| 700 | 1 |
_aGardner, Martin, _d1914-2010. _tScientific American book of mathematical puzzles & diversions. _942568 |
|
| 710 | 2 |
_aMathematical Association of America. _914464 |
|
| 800 | 1 |
_aGardner, Martin, _d1914-2010. _tNew Martin Gardner mathematical library ; _v1. _942569 |
|
| 856 | 4 | 2 |
_3Contributor biographical information _uhttp://www.loc.gov/catdir/enhancements/fy0834/2008012533-b.html |
| 856 | 4 | 2 |
_3Publisher description _uhttp://www.loc.gov/catdir/enhancements/fy0834/2008012533-d.html |
| 856 | 4 | 1 |
_3Table of contents only _uhttp://www.loc.gov/catdir/enhancements/fy0834/2008012533-t.html |
| 906 |
_a7 _bcbc _corignew _d1 _eecip _f20 _gy-gencatlg |
||
| 942 |
_2ddc _cDVD |
||
| 999 |
_c33402 _d267902 |
||